A PRIMER OF BHARTIYA DARSANAS:indian philosophical system (Record no. 8775)

MARC details
000 -LEADER
fixed length control field 00462nam a22001577a 4500
005 - DATE AND TIME OF LATEST TRANSACTION
control field 20250828121145.0
008 - FIXED-LENGTH DATA ELEMENTS--GENERAL INFORMATION
fixed length control field 250828b |||||||| |||| 00| 0 eng d
020 ## - INTERNATIONAL STANDARD BOOK NUMBER
ISBN 978-93-80864-53-2
041 ## - LANGUAGE CODE
Language code of text/sound track or separate title eng
082 ## - DEWEY DECIMAL CLASSIFICATION NUMBER
Classification number 181.4
100 ## - MAIN ENTRY--AUTHOR NAME
Personal name CHIDAMBARAN, SUBRAMANIAN, & RAGHAVAN, R VENKATA
245 ## - TITLE STATEMENT
Title A PRIMER OF BHARTIYA DARSANAS:indian philosophical system
260 ## - PUBLICATION, DISTRIBUTION, ETC. (IMPRINT)
Place of publication KERALA
Name of publisher CHINMAYA INTERNATIONAL FOUNDATION
Year of publication 2022
300 ## - PHYSICAL DESCRIPTION
Number of Pages 114;P
942 ## - ADDED ENTRY ELEMENTS (KOHA)
Koha item type Books
Holdings
Lost status Damaged status Collection code Home library Current library Date acquired Source of acquisition Cost, normal purchase price Full call number Accession Number Koha item type
    BHARTIYA GYAN PARAMPARA JRU Library JRU Library 28/08/2025 PURCHASE 200.00 181.4 28759 Books